The loser list / (Record no. 2623)
[ view plain ]
| 000 -LEADER | |
|---|---|
| fixed length control field | 01442cam a22003137a 4500 |
| 005 - DATE AND TIME OF LATEST TRANSACTION | |
| control field | 20240105122550.0 |
| 020 ## - INTERNATIONAL STANDARD BOOK NUMBER | |
| International Standard Book Number | 9780545329002 |
| 020 ## - INTERNATIONAL STANDARD BOOK NUMBER | |
| International Standard Book Number | 0545329000 |
| 040 ## - CATALOGING SOURCE | |
| Original cataloging agency | XY4 |
| Transcribing agency | XY4 |
| Modifying agency | DLC |
| Language of cataloging | eng |
| 050 00 - LIBRARY OF CONGRESS CALL NUMBER | |
| Classification number | PZ7.K85656 |
| Item number | Lo 2011 |
| 082 04 - DEWEY DECIMAL CLASSIFICATION NUMBER | |
| Classification number | 813.6 |
| Edition number | 22 |
| 100 1# - MAIN ENTRY--PERSONAL NAME | |
| Personal name | Kowitt, H. N. |
| 245 14 - TITLE STATEMENT | |
| Title | The loser list / |
| Statement of responsibility, etc. | written and illustrated by H.N. Kowitt |
| 250 ## - EDITION STATEMENT | |
| Edition statement | This edition first printing, January 2011 |
| 260 ## - PUBLICATION, DISTRIBUTION, ETC. | |
| Place of publication, distribution, etc. | New York : |
| Name of publisher, distributor, etc. | Scholastic Press, |
| Date of publication, distribution, etc. | 2011 |
| 300 ## - PHYSICAL DESCRIPTION | |
| Extent | 213 pages : |
| Other physical details | illustrations ; |
| Dimensions | 19 cm |
| 500 ## - GENERAL NOTE | |
| General note | "This edition is available for distribution only through the school market"--p. [4] of cover. |
| 505 ## - FORMATTED CONTENTS NOTE | |
| Formatted contents note | H |
| 520 ## - SUMMARY, ETC. | |
| Summary, etc. | When Danny gets caught trying to cross his name off the "Geek" list in the girls' bathroom, he's sent to detention. Bullies torment him mercilessly -- until they discover that Danny can draw. He enjoys his new "bad boy" status, supplying tattoos and graffiti, until he's unknowingly drawn into a theft. Turns out the bullies took a comic book from Danny's favorite store. Can he steal it back before they get caught -- and break off with the bullies before he gets in too deep? |
| 521 ## - TARGET AUDIENCE NOTE | |
| Target audience note | 480 |
| Source | Lexile |
| 521 ## - TARGET AUDIENCE NOTE | |
| Target audience note | H |
| Source | Raz-Plus |
| 650 #0 - SUBJECT ADDED ENTRY--TOPICAL TERM | |
| Topical term or geographic name entry element | Theft |
| Form subdivision | Juvenile fiction. |
| 650 #0 - SUBJECT ADDED ENTRY--TOPICAL TERM | |
| Topical term or geographic name entry element | Popularity |
| Form subdivision | Juvenile fiction. |
| 650 #1 - SUBJECT ADDED ENTRY--TOPICAL TERM | |
| Topical term or geographic name entry element | Stealing |
| Form subdivision | Fiction. |
| 650 #1 - SUBJECT ADDED ENTRY--TOPICAL TERM | |
| Topical term or geographic name entry element | Popularity |
| Form subdivision | Fiction. |
| 906 ## - LOCAL DATA ELEMENT F, LDF (RLIN) | |
| a | 7 |
| b | cbc |
| c | copycat |
| d | 2 |
| e | ncip |
| f | 20 |
| g | y-gencatlg |
| 942 ## - ADDED ENTRY ELEMENTS (KOHA) | |
| Source of classification or shelving scheme | Dewey Decimal Classification |
| Koha item type | Books |
| Suppress in OPAC | No |
| 999 ## - | |
| -- | 2623 |
| -- | 2623 |
| Withdrawn status | Lost status | Source of classification or shelving scheme | Damaged status | Not for loan | Collection | Home library | Current library | Shelving location | Date acquired | Total Checkouts | Full call number | Barcode | Date last seen | Date last checked out | Price effective from | Koha item type |
|---|---|---|---|---|---|---|---|---|---|---|---|---|---|---|---|---|
| Dewey Decimal Classification | Juvenile Fiction | Footprints International School Library Network Toul Tom Poung Campus | Footprints International School Library Network Toul Kork Campus | TTP Primary Dark Blue Bookshelves | 01/05/2024 | 4 | KOW 813.6 PZ7.K85656 | FISSE01226 | 05/21/2025 | 05/16/2025 | 01/05/2024 | Books |
